[Event "SN-2011-0-00352"]
[Site "LSS email"]
[Date "2011.06.19"]
[Round "?"]
[White "Legrosian, Joaquin"]
[Black "Hogan, Bernardo"]
[Result "0-1"]
[WhiteElo "800"]
[BlackElo "1087"]
[PlyCount "32"]
[EventDate "2011.06.06"]
[EventType "tourn (corr)"]
[EventRounds "6"]
[EventCountry "GER"]
[SourceTitle "Corr 2015"]
[Source "ChessBase"]
[SourceDate "2015.07.17"]
[SourceVersion "1"]
[SourceVersionDate "2015.07.17"]
[SourceQuality "1"]

1. c4 c5 2. Nc3 Nc6 3. g3 Nf6 4. Bg2 e6 5. Nf3 d5 6. cxd5 exd5 7. d4 Be7 8. 0-0 0-0 9. dxc5 Bxc5 10. e3 Be6 11. Na4 Bd6 12. Bd2 Ne4 13. Nc3 Nxd2 14. Qxd2 Qa5 15. a3 Ne7 16. Rfd1 Rfd8 0-1

[Event "OP-2011-0-01396"]
[Site "LSS email"]
[Date "2011.02.06"]
[Round "?"]
[White "Shapovalov, Dima"]
[Black "Legrosian, Joaquin"]
[Result "1-0"]
[WhiteElo "1097"]
[BlackElo "800"]
[PlyCount "27"]
[EventDate "2011.01.31"]
[EventType "tourn (corr)"]
[EventRounds "4"]
[EventCountry "GER"]
[SourceTitle "Corr 2015"]
[Source "ChessBase"]
[SourceDate "2015.07.17"]
[SourceVersion "1"]
[SourceVersionDate "2015.07.17"]
[SourceQuality "1"]

1. e4 e5 2. Nf3 Nc6 3. d4 exd4 4. Nxd4 Nf6 5. Nc3 d6 6. Bb5 Bd7 7. 0-0 Nxd4 8. Bxd7+ Qxd7 9. Qxd4 Qg4 10. f3 Qh5 11. Be3 Be7 12. Rad1 0-0 13. Nd5 Nxd5 14. Qxd5 1-0